000
00287nam a22001337a 4500
008
180817b xxu||||| |||| 00| 0 eng d
020
_a
9780205352241
041
_a
eng
080
_2
6 ed
_a
316
100
_a
51
101
_a
soc
245
_a
sociology
_c
henstin.j.m
942
_2
udc
_c
BK
999
_c
47205
_d
47205